|
|
|
|
| LEADER |
00000cam a2200000 7i4500 |
| 001 |
0000008243 |
| 002 |
000008989 |
| 005 |
20080223.0 |
| 020 |
|
|
|a 072141558X
|
| 090 |
0 |
0 |
|a JF
|b FAV
|
| 245 |
0 |
0 |
|a Goldilocks and the three bears
|c illustrated by Chris Russell
|
| 260 |
|
|
|a USA :
|b Ladybird Books Ltd ,
|c 1993
|
| 300 |
|
|
|a p.v. :
|b ill. ;
|c 18cm.
|
| 490 |
0 |
|
|a Favourite tales
|
| 650 |
0 |
0 |
|a Children's stories
|
| 700 |
1 |
|
|a Russell, Chris ,
|e illustrated
|
| 999 |
|
|
|a 052274
|b BUKU
|c PINJAMAN
|e PERPUSTAKAAN KOMUNITI PETALING JAYA
|
| 999 |
|
|
|a 052275
|b BUKU
|c PINJAMAN
|e PERPUSTAKAAN KOMUNITI PETALING JAYA
|
| 999 |
|
|
|a 055587
|b BUKU
|c PINJAMAN
|e PERPUSTAKAAN KOMUNITI CAW KOTA DAMANSARA
|
| 999 |
|
|
|a 055588
|b BUKU
|c PINJAMAN
|e PERPUSTAKAAN KOMUNITI PETALING JAYA
|